| 000 | 01759nam a2200301 i 4500 | ||
|---|---|---|---|
| 003 | DO-SdBNP | ||
| 005 | 20240812115032.0 | ||
| 006 | a||||gr|||| 00| 0 | ||
| 007 | ta | ||
| 008 | 240812t1981 dr aoc|| |||| 00| 0 spa d | ||
| 040 |
_aDO-SdBNP _bspa _cBNPHU _erda |
||
| 082 | 4 |
_222 _bA795c |
|
| 100 | 1 |
_aArvelo, Tulio H _952435 _eautor |
|
| 245 | 1 | 0 |
_aCayo Confite y Luperon: _bmemorias de un expedicionario / _cTulio H. Arvelo; prólogo, José Espaillat. |
| 264 | 4 |
_aSanto Domingo : _bEditorial UASD, _c©1981 |
|
| 300 |
_a295 páginas : _bilustraciones, retratos ; _c21 cm. |
||
| 336 |
_2rdacontent _atexto _btx |
||
| 337 |
_2rdamedia _asin mediación _bn |
||
| 338 |
_2rdacarrier _avolumen _bnc |
||
| 490 | 0 |
_aHistoria y Sociedad ; _v51 |
|
| 505 | _aPrólogo.-- Aclaraciones Prelimnares.-- Preludios de un tiranía.-- Mi primer viaje al extranjero.-- El camino hacia el cayo.-- La vida en Cayo Confite.-- El comienzo del fin.-- Estampidas en el Cayo.-- En busca de nueva oportunidades.-- Diligencias en la Habana.-- Diligencias en México.-- Últimos preparativos de la invasión.-- El Lago Izabal.-- El desembarco.-- La fuga a través de los montes.-- La captura.-- Respuesta a lagunas interrogantes.-- Traslado a Puerto Plata.-- Traslado a Santo Domingo.-- El proceso y la sentencia.-- Agilidad mental de Miguelucho.-- Infiltración trujillista en el Frente Interno.-- De nuevo hacia el exilio. | ||
| 590 | _aInventariado 2024 / MF | ||
| 600 | 1 | 0 |
_aLuperón, Gregorio, _d1839-1897 _9888 _vCayo Confites |
| 650 | 4 |
_aCayo Confites (Movimiento Militar) _zRepública Dominicana _xHistoria _976516 |
|
| 700 | 1 | 4 |
_aEspaillat, José, _944951 _eprólogo |
| 830 | 0 |
_nPublicaciones de la Universidad Autónoma de Santo Domingo _pvolumen 304 _986305 |
|
| 942 |
_2ddc _cLBS1 |
||
| 999 |
_c57404 _d57404 |
||